[Event "Koege Lang Sommer Weekend 2020"]
[Site "Koge"]
[Date "2020.07.23"]
[Round "2"]
[White "Loveid, Erik"]
[Black "Wahlund, Max"]
[Result "0-1"]
[WhiteElo "1844"]
[BlackElo "2124"]
[EventDate "2020.07.??"]
[EventType "swiss"]
[EventRounds "7"]
[EventCountry "DEN"]

1. d4 d5 2. c4 e5 3. dxe5 d4 4. Nf3 Nc6 5. a3 a5 6. Nbd2 Bg4 7. Qb3 Nge7 8. g3
a4 9. Qc2 Qd7 10. Bg2 Ng6 11. O-O h5 12. h4 Be7 13. b4 Bh3 14. Bxh3 Qxh3 15.
Qe4 Qg4 16. Bb2 Rd8 17. Rad1 O-O 18. c5 f5 19. exf6 Bxf6 20. Qxg4 hxg4 21. Ne1
Rfe8 22. Nd3 Rxe2 23. h5 Nge5 24. Nxe5 Nxe5 25. Kg2 Bg5 26. Bc1 Bh6 27. Nb1 Nf3
28. Bxh6 gxh6 29. Kh1 Rde8 30. Rd3 Kf7 31. Rdd1 Kf6 32. Rc1 Kg5 33. b5 Kxh5 34.
Rc4 Kg5 35. Kg2 Re1 0-1

[Event "Koege Lang Sommer Weekend 2020"]
[Site "Koge"]
[Date "2020.07.23"]
[Round "2"]
[White "Eriksson, Christian Altenburg"]
[Black "Saravana, Vedant Kumar"]
[Result "1-0"]
[WhiteElo "2119"]
[BlackElo "1718"]
[EventDate "2020.07.??"]
[EventType "swiss"]
[EventRounds "7"]
[EventCountry "DEN"]

1. e4 e5 2. Nf3 Nc6 3. Bc4 Bc5 4. c3 Nf6 5. d4 exd4 6. e5 d5 7. Bb5 Ne4 8. cxd4
Bb4+ 9. Bd2 Nxd2 10. Nbxd2 Bd7 11. Bxc6 Bxc6 12. O-O O-O 13. a3 Be7 14. Re1 Bd7
15. Qb3 Bc6 16. Rac1 Qd7 17. Qc3 Rac8 18. Nb3 Ba4 19. Nc5 Bxc5 20. dxc5 Qe6 21.
Nd4 Qg6 22. Re3 Bd7 23. Rg3 Qh6 24. Re1 Rfe8 25. h3 Re7 26. e6 Bc6 27. Nf5 1-0

[Event "Koege Lang Sommer Weekend 2020"]
[Site "Koge"]
[Date "2020.07.23"]
[Round "2"]
[White "Jarlskov, Daniel Tuk Hartso"]
[Black "Gregor, Bjarke"]
[Result "1-0"]
[WhiteElo "1770"]
[BlackElo "2081"]
[EventDate "2020.07.??"]
[EventType "swiss"]
[EventRounds "7"]
[EventCountry "DEN"]

1. c4 e5 2. Nc3 Nf6 3. g3 Bc5 4. Bg2 c6 5. e3 O-O 6. Nge2 d5 7. d4 exd4 8. exd4
Bb6 9. cxd5 cxd5 10. O-O Bg4 11. Bg5 Bxe2 12. Qxe2 Nc6 13. Nxd5 Nxd4 14. Qe5
Re8 15. Nxf6+ gxf6 16. Qxf6 Qd7 17. Rfe1 Ne2+ 18. Kf1 Re6 19. Qf3 Rae8 20. Bh3
Nxg3+ 21. Qxg3 Qb5+ 22. Kg2 Qc6+ 23. f3 Rg6 24. Rac1 Qb5 25. Rxe8+ Qxe8 26. Rc8
Bd8 27. Rxd8 1-0

[Event "Koege Lang Sommer Weekend 2020"]
[Site "Koge"]
[Date "2020.07.23"]
[Round "2"]
[White "Keinicke, Mads"]
[Black "Meskenas, Paulius"]
[Result "0-1"]
[WhiteElo "1877"]
[BlackElo "2027"]
[EventDate "2020.07.??"]
[EventType "swiss"]
[EventRounds "7"]
[EventCountry "DEN"]

1. d4 Nf6 2. Nc3 d5 3. Bf4 g6 4. e3 Bg7 5. h4 h5 6. Bd3 O-O 7. Nf3 b6 8. Ne5 c5
9. a4 a6 10. O-O Ng4 11. Nxg4 Bxg4 12. Be2 Bxe2 13. Nxe2 Nc6 14. c3 e5 15. dxe5
Nxe5 16. Bg3 Rc8 17. Nf4 d4 18. exd4 cxd4 19. cxd4 Nc4 20. b3 Nb2 21. Qd2 Bxd4
22. Rac1 Qd7 23. Kh1 Rfd8 24. Rxc8 Qxc8 25. Rc1 Qf5 26. Qc2 Qf6 27. Qe4 Bc5 28.
Nd5 Qf5 29. Qxf5 gxf5 30. Nf6+ Kg7 31. Nxh5+ Kh6 32. Nf4 Rd2 33. f3 Nd1 34. Nh3
Ne3 35. Bf4+ Kh7 36. Bxe3 Bxe3 37. Ng5+ Kg7 38. Re1 Bf2 39. h5 Bxe1 0-1

[Event "Koege Lang Sommer Weekend 2020"]
[Site "Koge"]
[Date "2020.07.23"]
[Round "2"]
[White "Svendsen, Mads O"]
[Black "Borg, Flemming"]
[Result "1-0"]
[WhiteElo "1987"]
[BlackElo "1665"]
[EventDate "2020.07.??"]
[EventType "swiss"]
[EventRounds "7"]
[EventCountry "DEN"]

1. e4 c6 2. d4 d5 3. Nc3 dxe4 4. Nxe4 Nf6 5. Nxf6+ gxf6 6. c3 Bf5 7. Nf3 e6 8.
g3 Bd6 9. a4 Qc7 10. Nh4 Be4 11. Bg2 Bxg2 12. Nxg2 Nd7 13. O-O h5 14. h4 O-O-O
15. a5 Rdg8 16. Kh1 Rg4 17. Ne3 Rg6 18. Rg1 f5 19. Qf3 Rhg8 20. Nc4 Nf6 21.
Nxd6+ Qxd6 22. Bf4 Qd5 23. Qxd5 cxd5 24. f3 Kd7 25. Ra4 Rc8 26. Rb4 Kc6 27. Ra1
Rgg8 28. Ra3 Nd7 29. Rab3 b6 30. axb6 axb6 31. Ra3 Ra8 32. Rba4 Kb7 33. Kg2
Rxa4 34. Rxa4 f6 35. Kh3 e5 36. dxe5 fxe5 37. Bg5 e4 38. fxe4 dxe4 39. Rd4 Kc6
40. Bf4 Rg6 41. Rc4+ Nc5 42. b4 Kb5 43. Rd4 Ne6 44. Rd5+ Kc4 45. Rxf5 Nxf4+ 46.
gxf4 Re6 47. Kg2 e3 48. Kf1 Kxc3 49. b5 Re4 50. Ke2 Kc4 51. Rxh5 Kd4 52. Rf5
Re6 53. h5 Ke4 54. Re5+ Rxe5 55. fxe5 Kxe5 56. Kxe3 Kf5 57. Kd4 Kg5 58. Kd5 1-0

[Event "Koege Lang Sommer Weekend 2020"]
[Site "Koge"]
[Date "2020.07.23"]
[Round "2"]
[White "Andersen, Daniel"]
[Black "Andersen, Rune Egede"]
[Result "0-1"]
[WhiteElo "1747"]
[BlackElo "2003"]
[EventDate "2020.07.??"]
[EventType "swiss"]
[EventRounds "7"]
[EventCountry "DEN"]

1. c4 c6 2. e4 d5 3. exd5 cxd5 4. cxd5 Nf6 5. Qa4+ Nbd7 6. Nc3 g6 7. Be2 Bg7 8.
Bf3 O-O 9. d4 Nb6 10. Qb3 a5 11. a4 Qd6 12. Nge2 Qb4 13. Qa2 Rd8 14. O-O Bf5
15. Rd1 Bc2 16. Re1 Bb3 17. Qa3 Nfxd5 18. Bd2 Qxa3 19. Rxa3 Bc4 20. Nb5 Bxb5
21. axb5 Nc4 22. Rd3 Nxb2 23. Rb3 Nc4 24. Bg5 h6 25. Bxd5 Rxd5 26. Bxe7 Re8 27.
Bh4 Rxd4 28. Bg3 Rxe2 0-1

[Event "Koege Lang Sommer Weekend 2020"]
[Site "Koge"]
[Date "2020.07.23"]
[Round "2"]
[White "Dymov, Evgenii"]
[Black "Petersen, Daniel"]
[Result "1-0"]
[WhiteElo "1336"]
[BlackElo "1618"]
[EventDate "2020.07.??"]
[EventType "swiss"]
[EventRounds "7"]
[EventCountry "DEN"]

1. e4 c5 2. d4 cxd4 3. c3 dxc3 4. Nxc3 Nc6 5. Bc4 g6 6. Nf3 Bg7 7. Qd5 e6 8.
Qd6 Qe7 9. Nb5 Qxd6 10. Nxd6+ Ke7 11. Nb5 a6 12. Nc3 h6 13. Bf4 Nd4 14. Nxd4
Bxd4 15. Rd1 Bc5 16. O-O b5 17. Bb3 Bb7 18. Rfe1 g5 19. Bg3 h5 20. h4 g4 21.
Re2 Bc6 22. Rd5 Bxd5 23. exd5 Bd6 24. dxe6 fxe6 25. Nd5+ Kd8 26. Bxd6 exd5 27.
Bxd5 Rc8 28. Kh2 Nh6 29. Bb4 Rc1 30. Bd2 g3+ 31. Kxg3 Nf5+ 32. Kh2 Rc5 33. Bb7
Kc7 34. Be4 Re8 35. Ba5+ Kb8 36. Rc2 Rxc2 37. Bxc2 Nd4 38. Bd3 Nc6 39. Bd2 Re6
40. Be3 Kb7 41. Be2 Re5 42. Bf3 d5 43. Kg3 Ne7 44. Bg5 Kc6 45. Bxh5 d4 46. f4
Re3+ 47. Bf3+ Kd6 48. Kg4 d3 49. f5 Re1 50. h5 Ng8 51. g3 Ke5 52. Bf4+ Kf6 53.
h6 Nxh6+ 54. Bxh6 Re5 55. Bg5+ Kf7 56. Bf4 Re7 57. Kg5 Rd7 58. Bd2 Rc7 59. Bd5+
Kg7 60. f6+ 1-0

[Event "Koege Lang Sommer Weekend 2020"]
[Site "Koge"]
[Date "2020.07.23"]
[Round "2"]
[White "Li, Nikolaj"]
[Black "Molvig, Julius"]
[Result "0-1"]
[WhiteElo "1096"]
[BlackElo "1955"]
[EventDate "2020.07.??"]
[EventType "swiss"]
[EventRounds "7"]
[EventCountry "DEN"]

1. e4 c5 2. Nf3 e6 3. d4 cxd4 4. Nxd4 a6 5. Nc3 Qc7 6. g3 Nf6 7. Bg2 d6 8. O-O
Bd7 9. Qd3 Nc6 10. Be3 Be7 11. Rac1 O-O 12. Rfe1 Rac8 13. Nf3 b5 14. a3 Ng4 15.
Ne2 Nxe3 16. Qxe3 Bf6 17. c3 Na5 18. b4 Nc4 19. Qd3 Qb6 20. e5 dxe5 21. Qxd7
Rfd8 22. Nxe5 Rxd7 23. Nxd7 Qc7 24. Nc5 Be7 25. Bb7 Rb8 26. Nxa6 Qxb7 27. Nxb8
Qxb8 28. Ra1 Qb7 29. Nd4 Bf6 30. Red1 Bxd4 31. Rxd4 g6 32. a4 Ne5 33. Kf1 Qh1+
0-1

[Event "Koege Lang Sommer Weekend 2020"]
[Site "Koge"]
[Date "2020.07.23"]
[Round "2"]
[White "Steenstrup, Svend"]
[Black "Knudsen, Martin Mosgaard"]
[Result "1-0"]
[WhiteElo "1903"]
[BlackElo "1681"]
[EventDate "2020.07.??"]
[EventType "swiss"]
[EventRounds "7"]
[EventCountry "DEN"]

1. d4 e6 2. e4 d5 3. e5 c5 4. c3 Nc6 5. Nf3 Bd7 6. Bd3 cxd4 7. cxd4 Qb6 8. O-O
Nxd4 9. Nbd2 h6 10. Nxd4 Qxd4 11. Nb3 Qa4 12. Qf3 Bb5 13. Bd2 Bxd3 14. Qxd3 Qd7
15. Rac1 Rc8 16. Rxc8+ Qxc8 17. Rc1 Qd7 18. Nd4 Ne7 19. Qc3 a6 20. Qa5 Nc6 21.
Nxc6 bxc6 22. Qxa6 c5 23. b4 c4 24. b5 Bc5 25. Qa8+ Qd8 26. Qc6+ Kf8 27. Qxc5+
Kg8 28. b6 Kh7 29. a4 Qb8 30. Qd6 Qb7 31. Qc7 Rb8 32. Qxb7 Rxb7 33. a5 f6 34.
Be3 fxe5 35. a6 1-0

[Event "Koege Lang Sommer Weekend 2020"]
[Site "Koge"]
[Date "2020.07.23"]
[Round "2"]
[White "Olsson, Rasmus"]
[Black "Skjoldborg, Lasse Dahl"]
[Result "1-0"]
[WhiteElo "1736"]
[BlackElo "1188"]
[EventDate "2020.07.??"]
[EventType "swiss"]
[EventRounds "7"]
[EventCountry "DEN"]

1. e4 d5 2. exd5 Qxd5 3. Nc3 Qe5+ 4. Be2 e6 5. Nf3 Qd6 6. d4 Nc6 7. O-O g6 8.
Nb5 Qd8 9. c4 Nf6 10. Bg5 Bg7 11. d5 a6 12. dxc6 Qxd1 13. Nxc7+ Kf8 14. Rfxd1
Rb8 15. Rd8+ Ke7 16. Rxh8 Bxh8 17. Rd1 bxc6 18. Ne5 Rxb2 19. Nxc6+ Kf8 20. Bh6+
1-0

[Event "Koege Lang Sommer Weekend 2020"]
[Site "Koge"]
[Date "2020.07.23"]
[Round "2"]
[White "Koch Mueller, Jesper"]
[Black "Nielsen, Angelo"]
[Result "0-1"]
[WhiteElo "1164"]
[BlackElo "1717"]
[EventDate "2020.07.??"]
[EventType "swiss"]
[EventRounds "7"]
[EventCountry "DEN"]

1. c4 g6 2. Nc3 Bg7 3. g3 c5 4. e3 Nc6 5. a3 a5 6. Bg2 d6 7. Nge2 e5 8. O-O Be6
9. d3 Nge7 10. b3 O-O 11. Bb2 Qd7 12. d4 exd4 13. exd4 cxd4 14. Nxd4 Nxd4 15.
Qd2 Nxb3 16. Qe3 Nxa1 17. Bxa1 Bxc4 18. Rb1 Rab8 19. Na4 Nf5 20. Nb6 Qe6 21.
Qd2 Bxa1 22. Rxa1 d5 23. Qxa5 Rfd8 24. Re1 Qf6 25. Rd1 Nd4 26. Re1 Ne2+ 27. Kh1
Qc3 28. Qxc3 Nxc3 29. Bh3 Re8 30. Rc1 Ne2 31. Rd1 Bb3 32. Rd3 Bc2 33. Re3 Rxe3
34. fxe3 Rd8 35. Bg4 Be4+ 36. Bf3 Bxf3# 0-1

[Event "Koege Lang Sommer Weekend 2020"]
[Site "Koge"]
[Date "2020.07.23"]
[Round "2"]
[White "Petersen, Rasmus"]
[Black "Derlich, Sarah Sima"]
[Result "1-0"]
[WhiteElo "1689"]
[BlackElo "1054"]
[EventDate "2020.07.??"]
[EventType "swiss"]
[EventRounds "7"]
[EventCountry "DEN"]

1. d4 d5 2. c4 c6 3. Nf3 Bf5 4. Nc3 Nf6 5. e3 e6 6. Bd3 dxc4 7. Bxc4 b5 8. Bb3
a5 9. O-O a4 10. Bc2 Bxc2 11. Qxc2 c5 12. Nxb5 Qb6 13. Nc3 Bd6 14. Nxa4 Qc6 15.
Nxc5 Bxc5 16. Qxc5 Ne4 17. Qxc6+ Nxc6 18. Bd2 Nxd2 19. Nxd2 O-O 20. Rfc1 Ra6
21. Ne4 Rb8 22. Nc5 Ra5 23. Nd7 Rc8 24. Rc5 g6 25. g3 h5 26. b4 Rxc5 27. bxc5
f5 28. Rb1 Rd8 29. Rb6 Ne7 30. Rb8 Nc8 31. c6 Kg7 32. Nb6 Rg8 33. Rxc8 Rxc8 34.
Nxc8 g5 35. c7 h4 36. Nd6 hxg3 37. c8=Q gxh2+ 38. Kxh2 g4 39. Qe8 g3+ 40. Kxg3
f4+ 41. Kg4 f3 42. Qf7+ Kh8 43. Ne8 e5 44. Qg7# 1-0

[Event "Koege Lang Sommer Weekend 2020"]
[Site "Koge"]
[Date "2020.07.23"]
[Round "2"]
[White "Li, Anna Sofie"]
[Black "Haagen Larsen, Hans"]
[Result "0-1"]
[WhiteElo "1043"]
[BlackElo "1681"]
[EventDate "2020.07.??"]
[EventType "swiss"]
[EventRounds "7"]
[EventCountry "DEN"]

1. e4 e6 2. d4 d5 3. e5 c5 4. c3 Nd7 5. Nf3 Ne7 6. Be2 Nc6 7. O-O Be7 8. Be3
Qb6 9. b3 O-O 10. Nbd2 f5 11. exf6 Nxf6 12. Ne5 cxd4 13. cxd4 Nd7 14. Nxc6 bxc6
15. Rc1 Ba6 16. Bxa6 Qxa6 17. Qg4 Rf6 18. Rfe1 Rg6 19. Qf4 Rc8 20. Rc2 Bg5 21.
Qd6 Nf8 22. a4 Bxe3 23. fxe3 Qd3 24. Rb2 Qc3 25. Qa3 e5 26. dxe5 Qxe5 27. Nf3
Qe4 28. Rf2 c5 29. Rc1 Qxe3 30. Re1 Qd3 31. Ne5 Qc3 32. Nxg6 Qxe1+ 33. Rf1 Qe3+
34. Rf2 Nxg6 35. Qb2 Rf8 36. Qe2 Qxf2+ 37. Qxf2 Rxf2 38. Kxf2 Kf7 39. Ke3 Ke6
40. a5 a6 41. g4 Ke5 42. h3 Nf4 43. h4 Ng2+ 44. Kd3 Nxh4 45. Ke3 d4+ 46. Kd3
Ng2 47. g5 Ne3 48. Ke2 Ke4 49. Kd2 c4 50. b4 Kd5 51. b5 axb5 52. Kc1 Kc6 53. a6
Kb6 54. a7 Kxa7 55. Kd2 b4 56. Kc1 c3 57. g6 h6 58. Kb1 b3 59. Ka1 d3 60. Kb1
d2 61. Ka1 d1=R# 0-1

[Event "Koege Lang Sommer Weekend 2020"]
[Site "Koge"]
[Date "2020.07.23"]
[Round "2"]
[White "Pawlak, Wojciech Zbignew"]
[Black "Petersen, Erling Hoff"]
[Result "1-0"]
[WhiteElo "1617"]
[BlackElo "1000"]
[EventDate "2020.07.??"]
[EventType "swiss"]
[EventRounds "7"]
[EventCountry "DEN"]

1. c4 e5 2. g3 Nc6 3. Bg2 Bc5 4. Nc3 d6 5. Nf3 Bd7 6. d3 Nf6 7. a3 O-O 8. O-O
Rb8 9. b4 Bd4 10. Bb2 a6 11. Nxd4 Nxd4 12. e3 Ne6 13. d4 Ng5 14. dxe5 Nh3+ 15.
Bxh3 Bxh3 16. exf6 Bxf1 17. fxg7 Re8 18. Qxf1 Qg5 19. Nd5 Re6 20. Nf4 Rf6 21.
h4 Qxg7 22. Nh5 Rxf2 23. Qxf2 Qg4 24. Nf6+ 1-0

[Event "Koege Lang Sommer Weekend 2020"]
[Site "Koge"]
[Date "2020.07.23"]
[Round "2"]
[White "Molvig, Alfred"]
[Black "Nielsen, Leo Kresten Roland"]
[Result "0-1"]
[WhiteElo "1000"]
[BlackElo "1652"]
[EventDate "2020.07.??"]
[EventType "swiss"]
[EventRounds "7"]
[EventCountry "DEN"]

1. d4 g6 2. Bf4 Bg7 3. Nc3 c6 4. e4 d6 5. Nf3 Bg4 6. Be2 Bxf3 7. Bxf3 Qb6 8.
Ne2 Nd7 9. Rb1 Rd8 10. c3 e5 11. Be3 c5 12. d5 Ne7 13. Qd2 O-O 14. Bh6 f5 15.
Bxg7 Kxg7 16. Qg5 Nf6 17. Ng3 fxe4 18. Nh5+ Nxh5 19. Bxh5 Rf6 20. O-O Nxd5 21.
g4 c4 22. Rbd1 Nf4 23. Kh1 Rdf8 24. Rd2 e3 25. fxe3 Qxe3 26. Rff2 Qe4+ 27. Kg1
Nh3+ 0-1

[Event "Koege Lang Sommer Weekend 2020"]
[Site "Koge"]
[Date "2020.07.23"]
[Round "2"]
[White "Noori, Yusuf"]
[Black "Kaergaard, Sissel"]
[Result "0-1"]
[WhiteElo "1000"]
[BlackElo "1638"]
[EventDate "2020.07.??"]
[EventType "swiss"]
[EventRounds "7"]
[EventCountry "DEN"]

1. e4 c5 2. Nf3 d6 3. d4 cxd4 4. Nxd4 Nf6 5. Nc3 Nc6 6. Be2 g6 7. Be3 Bd7 8.
Qd2 Bg7 9. f4 O-O 10. O-O-O a6 11. Nxc6 Bxc6 12. Bf3 Nd7 13. Rdf1 Nb6 14. Bxb6
Qxb6 15. Kb1 Rac8 16. Nd1 Bb5 17. Re1 Rfd8 18. Re3 Ba4 19. Nc3 Bb5 20. Nd5 Qd4
21. Qxd4 Bxd4 22. Rb3 Kf8 23. Rd1 Bg7 24. a4 Bxa4 25. Nb6 Bxb3 26. Nxc8 Bxc2+
27. Kxc2 Rxc8+ 28. Kb1 Rc6 29. Rc1 Ke8 30. Rxc6 bxc6 31. Be2 a5 32. b3 Kd7 33.
Bc4 e6 34. Ka2 Bh6 35. f5 Bd2 36. fxg6 hxg6 37. g4 d5 38. exd5 cxd5 39. Bd3 g5
40. Kb2 Kd6 41. Kc2 Bb4 42. Bh7 Ke5 43. Bd3 Kf4 44. Be2 e5 45. Kd3 d4 46. Bd1
Bc3 47. Ke2 e4 48. Kf2 d3 0-1

[Event "Koege Lang Sommer Weekend 2020"]
[Site "Koge"]
[Date "2020.07.23"]
[Round "2"]
[White "Mollasoltani, Aryan"]
[Black "Brintlev, Isak Babi"]
[Result "1-0"]
[WhiteElo "1439"]
[BlackElo "1116"]
[EventDate "2020.07.??"]
[EventType "swiss"]
[EventRounds "7"]
[EventCountry "DEN"]

1. e4 e5 2. Nf3 Nc6 3. d4 Bd6 4. d5 Nce7 5. c4 Bc5 6. Nxe5 d6 7. Nf3 Bg4 8. Nc3
Ng6 9. Be2 Nf6 10. h3 Bxf3 11. Bxf3 O-O 12. O-O Ne5 13. Be2 Qd7 14. Bg5 Qe7 15.
Na4 h6 16. Bxf6 Qxf6 17. Nxc5 dxc5 18. f4 Ng6 19. e5 Qe7 20. Bd3 Nh8 21. Qg4 g6
22. Rae1 h5 23. Qg3 Rae8 24. f5 Kh7 25. f6 Qd7 26. Qg5 c6 27. Qxh5+ Kg8 28. Qh6
cxd5 29. Qg7# 1-0

[Event "Koege Lang Sommer Weekend 2020"]
[Site "Koge"]
[Date "2020.07.23"]
[Round "2"]
[White "Jensen, William Gronn"]
[Black "Gade, Jens"]
[Result "0-1"]
[WhiteElo "877"]
[BlackElo "1502"]
[EventDate "2020.07.??"]
[EventType "swiss"]
[EventRounds "7"]
[EventCountry "DEN"]

1. e4 e5 2. Nf3 Nc6 3. Nc3 Nf6 4. Bb5 a6 5. Ba4 d6 6. d3 Be7 7. h3 O-O 8. O-O
Bd7 9. Be3 b5 10. Bb3 Na5 11. Bd5 c6 12. Bb3 Nxb3 13. axb3 Qc7 14. Ne2 d5 15.
Ng3 Rfd8 16. c4 dxe4 17. dxe4 Bxh3 18. Qe2 Bg4 19. Rac1 b4 20. c5 Nh5 21. Ra1
Nxg3 22. fxg3 a5 23. Qc4 Be6 24. Qe2 Bxb3 25. Qf2 h6 26. Nd2 Be6 27. b3 Rd3 28.
Qe2 Rad8 29. Rab1 Bxc5 30. Bxc5 Rxd2 31. Qe3 R2d3 32. Qf2 Qd7 33. Bb6 Ra8 34.
Qe2 Rd2 35. Qe3 Qd3 36. Qc5 Qxe4 37. Rf3 Qxb1+ 0-1

[Event "Koege Lang Sommer Weekend 2020"]
[Site "Koge"]
[Date "2020.07.23"]
[Round "2"]
[White "Meskenas, Vaidas"]
[Black "Derlich, Christian"]
[Result "0-1"]
[WhiteElo "1297"]
[BlackElo "879"]
[EventDate "2020.07.??"]
[EventType "swiss"]
[EventRounds "7"]
[EventCountry "DEN"]

1. e4 e5 2. Nf3 Nc6 3. d4 exd4 4. Nxd4 Bc5 5. Be3 Nxd4 6. Bxd4 Bxd4 7. Qxd4 Nf6
8. e5 Qe7 9. Be2 c5 10. Qd6 Qxd6 11. exd6 O-O 12. O-O Re8 13. Re1 b6 14. Nc3
Bb7 15. h3 a6 16. a3 Re6 17. Bc4 Rxd6 18. Re7 Rf8 19. Rd1 Rxd1+ 20. Nxd1 b5 21.
Be2 Bc6 22. Bf3 Bxf3 23. gxf3 Re8 24. Rxe8+ Nxe8 25. Ne3 Nc7 26. Kg2 f6 27. Kg3
Kf7 28. Kf4 Ke6 29. h4 h6 30. h5 d5 31. Nf5 Kf7 32. Nxh6+ gxh6 33. Kf5 Ke7 34.
Kg6 Ne6 35. Kxh6 Kf7 36. c3 0-1

[Event "Koege Lang Sommer Weekend 2020"]
[Site "Koge"]
[Date "2020.07.24"]
[Round "3"]
[White "Hoi, Carsten"]
[Black "Eriksson, Christian Altenburg"]
[Result "1/2-1/2"]
[WhiteElo "2335"]
[BlackElo "2119"]
[EventDate "2020.07.??"]
[EventType "swiss"]
[EventRounds "7"]
[EventCountry "DEN"]

1. c4 c5 2. e3 Nf6 3. Nc3 Nc6 4. Nf3 g6 5. d4 cxd4 6. exd4 d5 7. Bg5 Be6 8.
cxd5 Nxd5 9. Be2 Bg7 10. O-O O-O 11. Qd2 Nxc3 12. bxc3 Na5 13. Rfe1 Rc8 14.
Rac1 Re8 15. Bb5 Bd7 16. Bd3 Bc6 17. Qe2 Bd5 18. h4 Bc4 19. h5 Qd5 20. hxg6
1/2-1/2

[Event "Koege Lang Sommer Weekend 2020"]
[Site "Koge"]
[Date "2020.07.24"]
[Round "3"]
[White "Meskenas, Paulius"]
[Black "Nilsson, Anders"]
[Result "0-1"]
[WhiteElo "2027"]
[BlackElo "2227"]
[EventDate "2020.07.??"]
[EventType "swiss"]
[EventRounds "7"]
[EventCountry "DEN"]

1. e4 g6 2. d4 Bg7 3. Nf3 c6 4. c4 d6 5. Nc3 e5 6. dxe5 dxe5 7. Be3 Qxd1+ 8.
Rxd1 Bg4 9. Be2 Bxf3 10. Bxf3 Bh6 11. Bc5 Nd7 12. Bd6 Ngf6 13. b4 Bf8 14. c5
Bxd6 15. Rxd6 Ke7 16. O-O Nf8 17. Be2 Rd8 18. Rxd8 Kxd8 19. Rd1+ Ke7 20. Bc4
N8d7 21. f3 a5 22. a3 Ra8 23. Kf2 axb4 24. axb4 Ra3 25. Rc1 h5 26. g3 h4 27.
Be2 Ke8 28. Bc4 Kf8 29. Rc2 Ra1 30. Ba2 h3 31. Nb1 Nb8 32. g4 Na6 33. Rb2 Nh7
34. Nd2 Ng5 35. Bc4 Ra3 36. Bxa6 bxa6 37. Rb3 Ra2 38. Ke3 Ne6 39. Rc3 Nf4 40.
Rb3 Ke7 41. Rb1 Kd8 42. Rb3 Kc7 43. Rb1 Kd7 44. Rb3 Ke6 45. Rb1 Kf6 46. Rb3 Kg5
47. Rc3 f6 48. Rb3 Kh6 49. Rb1 Kg7 50. Rb3 Kf7 51. Rb1 Ke7 52. Rb3 Kd7 53. Rb1
Kc7 54. Rb3 Ne6 55. Rd3 Nd4 56. Kf2 g5 57. Kg3 Ne2+ 58. Kf2 Nd4 59. Kg3 Rb2 60.
f4 gxf4+ 61. Kxh3 Rxb4 62. Kg2 Rb2 63. h4 Kd7 64. h5 Ke7 65. Kh3 Ne6 66. Nf3
Rf2 67. g5 Rxf3+ 0-1

[Event "Koege Lang Sommer Weekend 2020"]
[Site "Koge"]
[Date "2020.07.24"]
[Round "3"]
[White "Pedersen, Henrik Dahl"]
[Black "Molvig, Henrik"]
[Result "1/2-1/2"]
[WhiteElo "2225"]
[BlackElo "2075"]
[EventDate "2020.07.??"]
[EventType "swiss"]
[EventRounds "7"]
[EventCountry "DEN"]

1. d4 d5 2. c4 e6 3. Nf3 Nf6 4. g3 c5 5. cxd5 exd5 6. Bg2 Nc6 7. Nc3 cxd4 8.
Nxd4 Bc5 9. Nb3 Bb6 10. O-O d4 11. Na4 O-O 12. Bg5 h6 13. Nxb6 axb6 14. Bxc6
bxc6 15. Bxf6 Qxf6 16. Qxd4 Qe7 17. Qxb6 Qxe2 18. Nd4 Qh5 19. Qxc6 Rb8 20. Qc3
Bb7 21. Rad1 Rfc8 22. Qe3 Ba6 23. Rfe1 Rxb2 24. Qf4 Bb7 25. Qf5 Qxf5 1/2-1/2

[Event "Koege Lang Sommer Weekend 2020"]
[Site "Koge"]
[Date "2020.07.24"]
[Round "3"]
[White "Andersen, Rune Egede"]
[Black "Kistrup, Nicolai"]
[Result "1-0"]
[WhiteElo "2003"]
[BlackElo "2170"]
[EventDate "2020.07.??"]
[EventType "swiss"]
[EventRounds "7"]
[EventCountry "DEN"]

1. e4 c5 2. c3 Nf6 3. e5 Nd5 4. d4 cxd4 5. Nf3 e6 6. cxd4 d6 7. Bc4 Be7 8. O-O
O-O 9. Qe2 b6 10. Nbd2 Bb7 11. Ne4 dxe5 12. dxe5 Nd7 13. Rd1 Qb8 14. Ng3 Rd8
15. Bxd5 Bxd5 16. Rxd5 exd5 17. e6 Bf6 18. exd7 g6 19. Bg5 Bxg5 20. Nxg5 Rxd7
21. Qg4 Qc8 22. Rd1 f5 23. Qd4 Qc5 24. Qd3 Re8 25. h4 Qe7 26. Qb3 Red8 27. Nf3
Kh8 28. Rd4 Qf6 29. Qc3 Kg8 30. Qd2 Kg7 31. Ne2 Rc7 32. g3 Rc4 33. Rxd5 Rxd5
34. Qxd5 Rc2 35. Ned4 Rxb2 36. Kg2 Rb1 37. Ng5 Re1 38. Nde6+ Kh6 39. Qd2 1-0

[Event "Koege Lang Sommer Weekend 2020"]
[Site "Koge"]
[Date "2020.07.24"]
[Round "3"]
[White "Wahlund, Max"]
[Black "Svendsen, Mads O"]
[Result "1-0"]
[WhiteElo "2124"]
[BlackElo "1987"]
[EventDate "2020.07.??"]
[EventType "swiss"]
[EventRounds "7"]
[EventCountry "DEN"]

1. d4 Nf6 2. Bf4 g6 3. Nc3 d5 4. e3 Bg7 5. Be2 c6 6. h4 h5 7. Nf3 Bg4 8. Ne5
Bxe2 9. Qxe2 Nbd7 10. Qd3 Nxe5 11. dxe5 Ng4 12. e6 f5 13. f3 Qb6 14. fxg4 Qxb2
15. Kd2 d4 16. exd4 Bxd4 17. Qxd4 O-O 18. Rhb1 1-0

[Event "Koege Lang Sommer Weekend 2020"]
[Site "Koge"]
[Date "2020.07.24"]
[Round "3"]
[White "Gregor, Bjarke"]
[Black "Dymov, Evgenii"]
[Result "1-0"]
[WhiteElo "2081"]
[BlackElo "1336"]
[EventDate "2020.07.??"]
[EventType "swiss"]
[EventRounds "7"]
[EventCountry "DEN"]

1. e4 e5 2. Nf3 f5 3. Bc4 d5 4. Bxd5 Nf6 5. Nxe5 Nxd5 6. exd5 Qf6 7. Qh5+ g6 8.
Qe2 Be7 9. d4 O-O 10. Nc3 Nd7 11. f4 Qg7 12. Bd2 Nf6 13. O-O-O Bb4 14. Qf3 Bxc3
15. Bxc3 Rd8 16. b3 Rxd5 17. Bb2 Ne4 18. c4 Ra5 19. Kb1 Qf6 20. Rhe1 Qa6 21.
Rxe4 fxe4 22. Qc3 Rxa2 23. d5 Rxb2+ 24. Kxb2 Qf6 25. Rf1 a5 26. g4 a4 27. g5
a3+ 28. Ka2 Qf8 29. h4 Bf5 30. c5 b6 31. d6 cxd6 32. Qc4+ Kg7 33. cxd6 Qxd6 34.
Rc1 Rc8 35. Qf7+ Kh8 36. Rxc8+ Bxc8 37. Qe8+ Kg7 38. Qf7+ Kh8 39. Qe8+ Kg7 40.
Qxc8 e3 41. Qb7+ Kg8 42. Qa8+ Kg7 43. Qxa3 Qxa3+ 44. Kxa3 e2 45. Nd3 Kf7 46.
Kb2 Ke6 47. Kc2 Kf5 48. Kd2 e1=Q+ 49. Kxe1 Kg4 50. Kf2 Kxh4 51. Kf3 1-0

[Event "Koege Lang Sommer Weekend 2020"]
[Site "Koge"]
[Date "2020.07.24"]
[Round "3"]
[White "Nielsen, Angelo"]
[Black "Steenstrup, Svend"]
[Result "0-1"]
[WhiteElo "1717"]
[BlackElo "1903"]
[EventDate "2020.07.??"]
[EventType "swiss"]
[EventRounds "7"]
[EventCountry "DEN"]

1. d4 Nf6 2. Nc3 d6 3. Bg5 Nbd7 4. e3 h6 5. Bh4 g5 6. Bg3 h5 7. h4 g4 8. Bd3 c5
9. Nge2 cxd4 10. exd4 Nb6 11. O-O Be6 12. Bb5+ Bd7 13. Bxd7+ Qxd7 14. Qd3 Bg7
15. Rad1 Nfd5 16. Nxd5 Nxd5 17. c3 O-O-O 18. Qc4+ Qc6 19. Qb3 e5 20. c4 Nb6 21.
d5 Qc5 22. Rc1 f5 23. Qe3 f4 24. Qxc5+ dxc5 25. Bh2 Bf6 26. b3 Bxh4 27. Rc2 Be7
28. Re1 Bd6 29. Nc3 h4 30. Kf1 g3 31. Bg1 Rdg8 32. Ne4 Kc7 33. f3 Nd7 34. Ke2
b6 35. Kd3 Rh6 36. Ree2 Nf8 37. Rcd2 Ng6 38. Nf6 Rf8 39. Ng4 Rh5 40. Ke4 a5 41.
a4 Nh8 42. Kd3 Rff5 43. Ke4 Kd7 44. Nh6 Rfg5 45. Ng4 Nf7 46. Nf6+ Ke7 47. Nxh5
Rxh5 48. Re1 Kf6 49. Rde2 h3 50. gxh3 Ng5+ 51. Kd3 Nxf3 52. Rf1 Ng5 53. Rfe1
Rxh3 54. Kc2 Rh1 55. Rg2 Kf5 56. Bf2 Rh3 57. Reg1 Nf3 58. Be1 0-1

[Event "Koege Lang Sommer Weekend 2020"]
[Site "Koge"]
[Date "2020.07.24"]
[Round "3"]
[White "Haagen Larsen, Hans"]
[Black "Thomasson, Staffan"]
[Result "0-1"]
[WhiteElo "1681"]
[BlackElo "1900"]
[EventDate "2020.07.??"]
[EventType "swiss"]
[EventRounds "7"]
[EventCountry "DEN"]

1. b4 c6 2. Bb2 a5 3. a3 Qb6 4. c4 d6 5. Qa4 Na6 6. Qxa5 Qxa5 7. bxa5 Nc5 8.
Nf3 e5 9. e3 Bg4 10. d4 Nb3 11. Ra2 Bxf3 12. gxf3 exd4 13. exd4 Be7 14. Bc3
Nxa5 15. Rb2 Nf6 16. Bxa5 Rxa5 17. Rxb7 Bd8 18. Bh3 O-O 19. Bd7 Nxd7 20. Rxd7
Re8+ 21. Kd2 Bg5+ 22. Kc3 Bf4 23. Kb4 Ra6 24. Rb7 Rea8 25. Re1 Bxh2 26. Ree7
c5+ 27. dxc5 dxc5+ 28. Kc3 Rf6 29. Re3 h5 30. Kb3 Bf4 31. Rd3 h4 32. Nc3 Bc1
33. a4 h3 34. Ne2 h2 35. Ng3 Bf4 36. Nh1 Rfa6 37. Rdd7 Rxa4 38. Rxf7 Ra3+ 39.
Kc2 Be5 40. f4 Bf6 41. Rfd7 Rc3+ 42. Kd2 Ra2+ 43. Ke1 Rc1+ 44. Rd1 Rxd1+ 45.
Kxd1 Ra1+ 0-1